Yhdyssanavisa - Statistics

Yleistilastot
  • Tätä visaa on pelattu 215 kertaa
  • Keskiarvotulos 8 / 20
Vastaustilastot
Hint Vastaus % Oikein
-takki, -serkku, -vauva pikku
69%
-tuore, -pelti, -vuoka uuni
60%
-hauta, -rakkaus, -nimi suku
57%
-lasi, -viiri, -mylly tuuli
56%
-taulu, -vyöhyke, -rajoitus aika
53%
-valjakko, -jono, -luistelu pari
52%
-koukku, -ketju, -voima veto
51%
-kuu, -hoito, -piste puoli
48%
-hiekka, -posti, -suukko lento
47%
-pyörä, -testi, -urheilu kunto
44%
-päivä, -tunnelma, -sali juhla
37%
-hoito, -hiki, -lamppu jalka
36%
-kirja, -jäsen, -kierros kunnia
32%
-kirja, -halli, -kamari kauppa
31%
-virta, -ranta, -myrkky vasta
27%
-lakki, -pesu, -naama valko
26%
-suora, -kuppi, -viiva vaaka
22%
-pommi, -vaara, -vamma palo
21%
-raamattu, -yhtiö, -kirkko perhe
15%
-rikos, -vapaus, -valta virka
15%
Ehtoja vastaavia visoja ei löytynyt
Tulosjakauma
Jokaisen tuloksen saaneiden osuus
Persentiili vastausten määrän mukaan
Tuloshistoriasi
Et ole pelannut tätä visaa